Phương pháp thực hành tin học : Adobe indesign

Đây là chương trình dàn trang, trang trí các trang in đối với các nhà in, một chương trình mới nhất, tiên tiến nhất, là sản phẩm của hãng phần mềm đồ họa Adobe danh tiếng.

Enregistré dans:
Détails bibliographiques
Auteur principal: Nguyễn, Việt Dũng
Format: Livre
Langue:Undetermined
Publié: Hà Nội Giáo dục 2000
Sujets:
Tags: Ajouter un tag
Pas de tags, Soyez le premier à ajouter un tag!
Thư viện lưu trữ: Trung tâm Học liệu Trường Đại học Cần Thơ
LEADER 00999nam a2200229Ia 4500
001 CTU_40576
008 210402s9999 xx 000 0 und d
020 |b 78.000đ 
082 |a 006.68 
082 |b D513/2000 
100 |a Nguyễn, Việt Dũng 
245 0 |a Phương pháp thực hành tin học : 
245 0 |b Adobe indesign 
245 0 |c Nguyễn Việt Dũng ( chủ biên ), Hoàng Đức Hải, Nguyễn Vân Dung 
260 |a Hà Nội 
260 |b Giáo dục 
260 |c 2000 
520 |a Đây là chương trình dàn trang, trang trí các trang in đối với các nhà in, một chương trình mới nhất, tiên tiến nhất, là sản phẩm của hãng phần mềm đồ họa Adobe danh tiếng. 
650 |a Application software,Computer graphics 
650 |x Computer programs 
904 |i Nguyễn Quang Điền, 010322 
980 |a Trung tâm Học liệu Trường Đại học Cần Thơ